| 000 | 01772nam1a2200325 i 4500 | ||
|---|---|---|---|
| 001 | RU\NLR\bibl\987675 | ||
| 005 | 20260531065036.0 | ||
| 035 | _a(NLR Aleph) 000975525 | ||
| 090 |
_a426232 _c426232 |
||
| 100 | _a20060925g20069999u y0rusy50 ca | ||
| 101 | 0 | _arus | |
| 102 | _aRU | ||
| 105 | _a||||z ||||| | ||
| 200 | 1 |
_aАзбука _eАБВГДейка _eучебник для 1 класса начальной школы _eв 2-х ч. _fЛ.Ф. Климанова, С.Г. Макеева _gРос. акад. наук [и др.] |
|
| 210 |
_aМосква _cПросвещение _d2006 |
||
| 215 | _d26 | ||
| 225 | 1 |
_aАкадемический школьный учебник _fнауч. ред.: акад.-секретарь РАО, д.п.н. А.А. Кузнецов [и др.] |
|
| 225 | 1 |
_aПроект "Российская академия наук, Российская академия образования, издательство "Просвещение" - российской школе" _fрук.: акад. В.В. Козлов [и др.] |
|
| 300 | _aВ надзаг также: Рос. акад. образования, Изд-во "Просвещение" | ||
| 463 | 0 | _1001976612 | |
| 463 | 0 | _10011011581 | |
| 606 |
_aРусский язык _xБуквари _91563960 _3RU\NLR\auth\66984518 |
||
| 686 | _aШ141.12-922.1[б] | ||
| 700 | 1 |
_4070 _8rus _7ca _aКлиманова _bЛ. Ф. _gЛюдмила Федоровна _3RU\NLR\auth\7722910 _95965 |
|
| 701 | 1 |
_4070 _7ca _8rus _aМакеева _bС. Г. _cд-р пед. наук _gСветлана Григорьевна _9197404 _3RU\NLR\AUTH\770197455 |
|
| 801 | 0 |
_aRU _bNLR _c20060925 _grcr |
|
| 801 | 1 |
_aRU _bNLR _c20060925 |
|
| 852 |
_aNLR _j2006-7/4186 |
||
| 942 | _cBOOK | ||